LIBRARY & INFORMATION CENTRE, KCAET, TAVANUR

ONLINE PUBLIC ACCESS CATALOGUE (OPAC)

Method of determination of modulus of subgrade reaction ( K-value)of soils in field 9214-1979 / (Record no. 5931)

MARC details
000 -LEADER
fixed length control field 00986cam a2200157ua 4500
041 ## - LANGUAGE CODE
Language code of text/sound track or separate title eng
082 ## - DEWEY DECIMAL CLASSIFICATION NUMBER
Classification number 624.131
Item number IND/ME
245 ## - TITLE STATEMENT
Title Method of determination of modulus of subgrade reaction ( K-value)of soils in field 9214-1979 /
250 ## - EDITION STATEMENT
Edition statement 1 /
260 ## - PUBLICATION, DISTRIBUTION, ETC. (IMPRINT)
Place of publication New Delhi :
Name of publisher Indian standards institution ,
Year of publication 1980.
300 ## - PHYSICAL DESCRIPTION
Number of Pages 21 ; .
942 ## - ADDED ENTRY ELEMENTS (KOHA)
Koha item type Books
Holdings
Withdrawn status Lost status Damaged status Home library Current library Date acquired Full call number Accession Number Koha item type
      KAUAET   07/04/2012 624.131 17137 Books
free website counter